Science Quiz

Random Science or Math Quiz

True Does Not Equal False: Algebra's Revenge Quiz Stats

 Plays Quiz Updated Sep 1, 2017

Score 0/30 Timer 01:30
3 Plays Today
% Correct
True
83.8%
True
83.2%
True
82.6%
True
82.5%
True
82.5%
False
82.4%
False
82.2%
False
81.7%
True
81.3%
False
81.3%
False
81.1%
True
80.9%
False
80.7%
True
80%
False
78.8%
% Correct
False
77.9%
False
77.4%
False
77.1%
False
77%
True
76.8%
True
76.6%
True
74.5%
False
72.6%
False
71%
False
70.8%
True
70.5%
True
68.5%
True
68.1%
False
64.9%
True
64.8%

You're not logged in!

Compare scores with friends on all Sporcle quizzes.
OR
Log In

You Might Also Like...

Show Comments

Extras

Top Quizzes Today


Score Distribution

Your Account Isn't Verified!

In order to create a playlist on Sporcle, you need to verify the email address you used during registration. Go to your Sporcle Settings to finish the process.

Report this User

Report this user for behavior that violates our Community Guidelines.

Details: